000 01110cam a2200301 4500
001 WS110993
008 000000n 000 0 eng u
035 _a(Sirsi) u110993
110 _aJapan Real Estate Institute
_94037
245 _aJapan Real Estate Institute
520 _aSite for this organisation which describes itself as 'the largest real estate appraisal/consulting/research firm' in Japan. Includes an urban land price index, office and apartment rent indices, a land price index for cultivated and forest land and surveys of the Manhattan office market.
650 _aTOKYO
650 _aJAPAN
650 _aINTERNATIONAL
650 _aLAND PRICES
650 _aOFFICES
650 _aFLATS
650 0 _aFORESTRY
650 _aPROPERTY-RURAL AND NATURAL ASSETS-AGRICULTURAL PROPERTY-AGRICULTURAL LAND
650 _aMANHATTAN
650 _aNEW YORK
650 _aUSA
650 _aORGANISATION
650 _aRENT INDICES
690 _aPROPERTY-COMMERCIAL PROPERTY
856 4 0 _uhttps://www.reinet.or.jp
_zView the website free of charge at www.reinet.or.jp...
942 _n0
999 _c119790
_d119790